how fast can you type A-M? - Statistics

General Stats
  • This quiz has been taken 285 times
  • The average score is 12 of 13
Answer Stats
Hint Answer % Correct
a a
100%
b b
97%
c c
96%
d d
96%
e e
96%
f f
96%
g g
95%
h h
94%
i i
93%
j j
92%
k k
91%
l l
91%
m m
91%
No matching quizzes found
Score Distribution
Percent of People with Each Score
Percentile by Number Answered
Your Score History
You have not taken this quiz